Хромирование в современном машиностроении; Инновационные технологии и экономика в машиностроении

Bibliografiska uppgifter
Parent link:Инновационные технологии и экономика в машиностроении.— 2009.— С. 224-228
Huvudupphovsman: Дуреев В. В.
Övriga upphovsmän: Григорьева И. П.
Språk:ryska
Publicerad: 2009
Ämnen:
Materialtyp: MixedMaterials Bokavsnitt
KOHA link:https://koha.lib.tpu.ru/cgi-bin/koha/opac-detail.pl?biblionumber=170250

MARC

LEADER 00000naa2a2200000 4500
001 170250
005 20231031163652.0
035 |a (RuTPU)RU\TPU\book\184641 
090 |a 170250 
100 |a 20091120d2009 k y0rusy50 ca 
101 0 |a rus 
102 |a RU 
200 1 |a Хромирование в современном машиностроении  |f В. В. Дуреев, И. П. Григорьева 
463 0 |0 (RuTPU)RU\TPU\book\176298  |t Инновационные технологии и экономика в машиностроении  |o труды VII Всероссийской научно-практической конференции с международным участием, 21-22 мая 2009 г., г. Юрга  |f Томский политехнический университет (ТПУ), Юргинский технологический институт (ЮТИ) ; под ред. Д. А. Чинахова  |v С. 224-228  |d 2009  |p 695 с. 
610 1 |a машиностроение 
610 1 |a хромирование 
610 1 |a покрытия 
610 1 |a труды учёных ТПУ 
700 1 |a Дуреев  |b В. В. 
701 1 |a Григорьева  |b И. П. 
801 1 |a RU  |b 63413507  |c 20091120 
942 |c BK